000 00740nam a2200265Ia 4500
001 dia_1173
003 CHAP
005 20230120112255.0
008 220117s1959 xx 000 0 und d
010 _a171720
040 _cCHAP
082 _a512 P47 1959
100 _aPerelman, Y.
_9150202
245 _aAlgebra recreativa /
_c Y. Perelman ; traducción C. Pérez
260 _aRusia (Federación) :
_b Ediciones en Lenguas Extranjeras,
_c1959
300 _a193 p.
503 _aD.
590 _aQA152.2 P47 1959
650 _aÁlgebra
_982391
700 _aPérez, C., tr.
_9150203
901 _a512 P47 1959
902 _aM
905 _a5232271959 ru amn 8222223322SPA16
942 _cLIBRO
_2ddc
999 _c171720
_d171720